Zasadanie Subkomisie pre ľudové staviteľstvo a sídla MKKKB

Bibliographic Details
Main Author: Podoba, Juraj, 1958- (Author)
Format: Article
Language:Slovak
Subjects:

MARC

LEADER 00000nab a2200000 a 4500
001 vtls000209790
003 SK-MaSNL
005 20260304061712.0
008 250422c1985 xo 0 slo
015 |a SNBRB19rr/mm-uuuuu 
035 |a CL0219903 
035 |a urn:nbn:sk:snk-ab5nh 
035 |a (urnnbn)urn:nbn:sk:snk:ar-a035vg 
035 |a (uuid)fbd14013-531a-4dc9-a203-938dcff91637 
040 |a SNKBUCL  |b slo  |c SNKBUCL  |e AACR2 
041 0 |a slo 
044 |a xo  |c SK 
080 |a 72.067.26:061.3  |2 1981 
080 |a 061.3  |2 1981 
100 1 |a Podoba, Juraj,  |d 1958-  |4 aut  |9 151863 
245 1 0 |a Zasadanie Subkomisie pre ľudové staviteľstvo a sídla MKKKB  |c Juraj Podoba 
650 0 7 |a ľudová architektúra  |2 snkbucl  |9 2956 
655 7 |a články z novín a časopisov  |2 snkbucl  |9 267496 
773 0 |t Slovenský národopis  |g Roč. 33, č. 1 (1985), s. 269-270 
850 |a Slovenská národná knižnica 
852 |a Slovenská národná knižnica 
954 |a odborná, vedecká literatúra pôvodná (slovenská)  |2 lita 
958 |a article27 
958 |a RK 
958 |a CZ 
958 |a OND 
958 |a EUIPO 
992 |a RBX 
999 |c 2734427  |d 2736357